00503nam a2200193 a 4500001001300000003000900013005001700022008004100039020001000080082001800090100002200108245004400130260003600174300000900210500003500219505001000254650002300264700002200287nice12345678IN_TiNIC20260116012946.0050524s1910 newa grp 000 0 ger  ac10000a297.1227bHUB aHuber P Michael,  aDie Wanderlgende Von Den Siebenchlafern aNew DelhibConcept Pub Coc1910 a574p aincludes index and biblioraphy2 aIndex aQuran-Hermeneutics1 aHuber P Michael,